On this day (Record no. 85710)

MARC details
000 -LEADER
fixed length control field 00359 a2200133 4500
005 - DATE AND TIME OF LATEST TRANSACTION
control field 20160623144401.0
008 - FIXED-LENGTH DATA ELEMENTS--GENERAL INFORMATION
fixed length control field 160623b xxu||||| |||| 00| 0 eng d
020 ## - INTERNATIONAL STANDARD BOOK NUMBER
International Standard Book Number 9789350098523
080 ## - UNIVERSAL DECIMAL CLASSIFICATION NUMBER
Universal Decimal Classification number 94(100)
Item number ONT
245 ## - TITLE STATEMENT
Title On this day
Remainder of title the history of the world in 366 days
260 ## - PUBLICATION, DISTRIBUTION, ETC. (IMPRINT)
Date of publication, distribution, etc 2015
Place of publication, distribution, etc Gurgaon
Name of publisher, distributor, etc Hachette books
653 ## - INDEX TERM--UNCONTROLLED
Uncontrolled term World history
942 ## - ADDED ENTRY ELEMENTS (KOHA)
item type Reference
Holdings
Lost status Source of classification or shelving scheme Not for loan Home library Current library Shelving location Date acquired Cost, normal purchase price Total Checkouts Full call number Barcode Date last seen Cost, replacement price Price effective from Koha item type
  Universal Decimal Classification Not For Loan University Library University Library Reference 25/02/2016 0.00   94(100) ONT R 00075722 04/04/2016 0.00 25/02/2016 Reference
University Library, CUSAT